[Event "4NCL"]
[Site "Birmingham ENG"]
[Date "2000.03.25"]
[Round "7"]
[White "Dishman,S"]
[Black "Ledger,A"]
[Result "1/2-1/2"]
[WhiteElo "2364"]
[BlackElo "2420"]

1.d4 d5 2.Bg5 Nf6 3.Nd2 Bf5 4.e3 e6 5.Ngf3 Be7 6.c4 c6 7.Qb3 Qb6 8.c5 Qc7
9.Bf4 Qc8 10.h3 Nbd7 11.Bd3 O-O 12.O-O Re8 13.Qc2 Nf8 14.b4 Ng6 15.Bh2 Bxd3
16.Qxd3 Nd7 17.Rac1 Bf8 18.e4 dxe4 19.Nxe4 Nf6 20.Nxf6+ gxf6 21.Nd2 Rd8 22.Ne4 f5
23.Nd6 Qd7 24.Rfd1 f4 25.Ne4 Bg7 26.Nd6 Bf8 27.Ne4 Bg7 28.Nd6  1/2-1/2

[Event "4NCL"]
[Site "Birmingham ENG"]
[Date "2000.03.25"]
[Round "7"]
[White "Collier,D"]
[Black "Bellin,J"]
[Result "1/2-1/2"]
[WhiteElo "2215"]
[BlackElo "2169"]

1.d4 Nf6 2.Bg5 c5 3.Bxf6 gxf6 4.d5 Qb6 5.Qc1 Bg7 6.g3 f5 7.c3 d6 8.Nd2 Nd7
9.Bg2 Nf6 10.Nh3 Qd8 11.a4 O-O 12.O-O Rb8 13.Nc4 b6 14.Rd1 a6 15.Qf4 Ng4
16.Qg5 Kh8 17.Qd2 Bd7 18.Nf4 Ne5 19.Nxe5 Bxe5 20.Nh5 Rg8 21.f4 Bg7 22.Nxg7 Rxg7
23.e4 fxe4 24.Bxe4 Bg4 25.Re1 Qd7 26.Bd3 Qb7 27.Bf1 Rbg8 28.Re3 f5 29.Kf2 b5
30.axb5 axb5 31.Ra5 c4 32.b4 Ra8 33.Rxa8+  1/2-1/2

[Event "4NCL"]
[Site "Birmingham ENG"]
[Date "2000.03.26"]
[Round "8"]
[White "Povah,N"]
[Black "Jackson,S"]
[Result "1-0"]
[WhiteElo "2360"]
[BlackElo "2186"]

1.d4 Nf6 2.Bg5 c5 3.d5 Qb6 4.Nc3 Qxb2 5.Bd2 Qb6 6.e4 d6 7.f4 Bg4 8.Be2 Bxe2
9.Qxe2 Qa6 10.Nb5 Qb6 11.Rb1 a6 12.Nc3 Qc7 13.e5 dxe5 14.fxe5 Nfd7 15.Nf3 g6
16.O-O Bg7 17.e6 fxe6 18.Ng5 Qe5 19.Nxe6 Ra7 20.Ne4 Bf6 21.Bc3 Qxc3 22.Nxc3 Bxc3
23.Qe3 Be5 24.Nxc5 b6 25.Nxd7 Nxd7 26.Rxb6 Ra8 27.Rb7 Bd6 28.Qe6 Nc5 29.Qf7+ Kd8
30.Qf8+  1-0

[Event "21st Open A"]
[Site "Bled SLO"]
[Date "2000.03.26"]
[Round "2"]
[White "Brumen,D"]
[Black "Borovikov,V"]
[Result "0-1"]
[WhiteElo "2403"]
[BlackElo "2472"]

1.d4 d5 2.Bg5 Nf6 3.Bxf6 exf6 4.e3 c6 5.Nd2 f5 6.g3 Nd7 7.Bg2 Nf6 8.Ne2 Bd6
9.c4 dxc4 10.Nxc4 Bc7 11.O-O O-O 12.Nc3 Qe7 13.a3 Be6 14.Qe2 Rad8 15.b4 a6
16.Nb2 h5 17.Nba4 h4 18.Nc5 Bc8 19.Rfd1 Rfe8 20.Ra2 hxg3 21.hxg3 g6 22.Rad2 Kg7
23.d5 cxd5 24.Nxd5 Nxd5 25.Rxd5 Rxd5 26.Rxd5 f4 27.gxf4 Bxf4 28.Qd2 Bh6 29.Qd4+ Kg8
30.Rd6 Bg7 31.Qe4 Be5 32.Rd2 b6 33.Nd3 Rd8 34.Re2 Bf6 35.Rc2 Bf5 36.Qxe7 Bxe7
37.e4 Be6 38.Nf4 Rd1+ 39.Bf1 Bb3 40.Rc6 Ba4 41.Rc8+ Kg7 42.Kg2 Bd7 43.Rc3 Bf6
44.Rd3 Rxd3 45.Nxd3 Bc6 46.f3 Bd4 47.Be2 Kf6 48.Kf1 Kg5 49.Kg2 f5 50.exf5 gxf5
51.Ne1 b5 52.Nd3 f4 53.Nc5 Bxc5 54.bxc5 a5 55.Bd1 Kf6 56.Kh3 Ke5 57.Kg4 Bd5
58.Bc2 b4 59.axb4 axb4 60.Bb1 b3 61.Bg6 Bc6 62.Bh7 b2 63.Bg6 Bb5 64.Bh7 Kd4
65.Bb1 Ke3  0-1

[Event "Israeli League"]
[Site "Ramat Aviv ISR"]
[Date "2000.03.31"]
[Round "8"]
[White "Moskovich,D"]
[Black "Gluzman,C"]
[Result "1-0"]
[WhiteElo "2167"]
[BlackElo "2280"]

1.d4 Nf6 2.Bg5 c5 3.d5 Ne4 4.Bf4 Qb6 5.Bc1 g6 6.c3 Bg7 7.Nh3 d6 8.Qa4+ Nd7
9.Qxe4 O-O 10.Na3 Nf6 11.Qd3 Bf5 12.Qd1 e6 13.Nc4 Qa6 14.Ne3 Be4 15.dxe6 Rae8
16.exf7+ Rxf7 17.Ng5 Rfe7 18.Nxe4 Rxe4 19.Nd5 Qc6 20.Nxf6+ Bxf6 21.e3 Bh4
22.Be2 d5 23.O-O c4 24.Bf3 R4e5 25.b3 b5 26.a4 a6 27.axb5 axb5 28.bxc4 bxc4
29.Ra5 Rd8 30.e4 dxe4 31.Rxe5 Rxd1 32.Bxd1 Bf6 33.Ra5 Bxc3 34.Ra2 Bd4 35.Re1 Bc3
36.Bd2 Bd4 37.Be3 Bc3 38.Ree2 Be5 39.Bc2 Bc7 40.g3 Qd5 41.Ba7 c3 42.Bxe4 Qb3
43.Kg2 g5 44.Bd4 Qc4 45.Bf6 g4 46.Rac2 Ba5 47.Bxc3 Bxc3 48.Re3 h5 49.Rcxc3 Qd4
50.Rcd3 Qb6 51.Rd7 Kf8  1-0

[Event "Open"]
[Site "Bad Wildbad GER"]
[Date "2000.04.02"]
[Round "2"]
[White "Vatter,H"]
[Black "Baramidze,D"]
[Result "0-1"]
[WhiteElo "2362"]
[BlackElo "2154"]

1.d4 Nf6 2.Bg5 d5 3.Bxf6 exf6 4.e3 Be6 5.Ne2 Bd6 6.Nd2 O-O 7.g3 Nd7 8.Bg2 c6
9.b3 Qa5 10.c3 f5 11.O-O Nf6 12.a3 Ne4 13.Qc2 Rfe8 14.Rfc1 g6 15.Nb1 Rac8
16.c4 c5 17.dxc5 Bxc5 18.Nbc3 Bf8 19.b4 Qd8 20.c5 b6 21.Nxe4 dxe4 22.c6 Bg7
23.Rab1 b5 24.Qc5 Ba2 25.Qxb5 Bxb1 26.Rxb1 Re6 27.Qa6 Rexc6 28.Qa4 Qd3 29.Re1 Ra6
30.Qd1 Rxa3 31.Nf4 Qxd1 32.Rxd1 Ra1 33.Rxa1 Bxa1 34.b5 Rc5 35.Bf1 Kg7 36.f3 Be5
37.Nh3 exf3 38.Ng5 Rc2 39.Nxf3 Kf6 40.Ne1 Rb2 41.Bd3 Rd2 42.Bc4 Bc7 43.Ng2 Bb6
44.Kf1 Ke7 45.Be2 Kd6 46.Kf2 g5 47.h4 h6 48.Ke1 Rb2 49.Kf2 Ke5 50.Ne1 Ke4
51.hxg5 hxg5  0-1

[Event "21st Open A"]
[Site "Bled SLO"]
[Date "2000.04.02"]
[Round "9"]
[White "Furlan,M"]
[Black "Licina,A"]
[Result "0-1"]
[WhiteElo "2362"]
[BlackElo "2192"]

1.d4 Nf6 2.Bg5 d5 3.e3 Ne4 4.Bf4 c5 5.Bd3 Nf6 6.c3 e6 7.Nd2 Nc6 8.Ngf3 Be7
9.h3 O-O 10.O-O b6 11.a3 c4 12.Bc2 b5 13.Bg5 Bb7 14.Re1 a5 15.e4 b4 16.exd5 exd5
17.Ne5 Nxe5 18.dxe5 Nd7 19.Bxe7 Qxe7 20.Nf3 Nc5 21.Nd4 bxc3 22.bxc3 a4 23.Nf5 Qe6
24.Qg4 g6 25.Rab1 Nb3 26.Re3 Kh8 27.Nd6 Qxg4 28.hxg4 Bc8 29.g5 Be6 30.f4 Rab8
31.Ree1 Nc5 32.Kf2 Rb3 33.Bxb3 axb3 34.Ke3 Rb8 35.Re2 Na4 36.Kd4 b2 37.g4 Bxg4
38.Rg2 Be6 39.Rh2 Rb3 40.Rc2 Kg8 41.Ke3 Rxa3 42.Rbxb2 Nxb2 43.Rxb2 Rxc3+
44.Kd2 Rb3 45.Rxb3 cxb3 46.Nb5 h5 47.gxh6 Kh7 48.Nd4 b2  0-1

[Event "FSGM April"]
[Site "Budapest HUN"]
[Date "2000.04.04"]
[Round "4"]
[White "Galyas,M"]
[Black "Kallio,H"]
[Result "1/2-1/2"]
[WhiteElo "2440"]
[BlackElo "2452"]

1.d4 d5 2.Bg5 Nf6 3.e3 e6 4.Nf3 Be7 5.Nbd2 O-O 6.Bd3 b6 7.Ne5 c5 8.c3 Nfd7
9.Bf4 Nxe5 10.dxe5 Ba6 11.Bc2 Nc6 12.Qg4 Re8 13.Nf3 f5 14.exf6 Bxf6 15.O-O-O e5
16.Be4 Nd4 17.exd4 exf4 18.Bd3 Bxd3 19.Rxd3 Qd6 20.g3 c4 21.Rdd1 b5 22.Qxf4 Qxf4+
23.gxf4 Re4 24.Rde1 Rxf4 25.Re3 Rf8 26.Kd1 b4 27.Rg1 bxc3 28.bxc3 Bh4 29.Nxh4 Rxh4
30.Rg2 Rhf4 31.Ke2 g6 32.Re5 R4f5 33.Rxf5 Rxf5 34.Rg1 Rf6 35.Rg5 Rd6 36.Re5 Ra6
37.Rxd5 Rxa2+ 38.Ke1 Rc2 39.Ra5 Rxc3 40.Rxa7 Rd3 41.Rd7 c3 42.Rc7 Rxd4 43.Rxc3 Kg7
44.Kf1  1/2-1/2

[Event "19th Open"]
[Site "Reykjavik ISL"]
[Date "2000.04.05"]
[Round "1"]
[White "Jackson,A"]
[Black "Bu Xiangzhi"]
[Result "0-1"]
[WhiteElo "2207"]
[BlackElo "2565"]

1.d4 Nf6 2.Bg5 c5 3.Bxf6 gxf6 4.d5 Qb6 5.Qc1 Bh6 6.e3 d6 7.g3 Nd7 8.Bg2 f5
9.Ne2 Bg7 10.Nbc3 Ne5 11.O-O Nc4 12.Rb1 Qa5 13.e4 b5 14.a3 b4 15.axb4 cxb4
16.Ra1 Qc7 17.Nd1 a5 18.c3 Qb6 19.b3 Ne5 20.Qc2 Ba6 21.exf5 Rc8 22.f6 Bxf6
23.Qf5 Rc7 24.Ra2 h5 25.c4 Bc8 26.Qe4 Nd7 27.Ne3 Nc5 28.Qb1 Bd7 29.Rd1 a4
30.bxa4 Bxa4 31.Rf1 b3 32.Rd2 Qb4 33.Rdd1 b2 34.Rde1 Nb3 35.Nc2 Qxc4 36.Ne3 Qb5
37.Nf5 Kf8 38.Qa2 Rc2 39.Be4 Rxe2 40.Rxe2 Nc1 41.Rxb2 Bxb2 42.Qb1 Ne2+ 43.Kg2 Nc3
44.Qe1 Nxd5 45.f3 Bf6 46.Qd2 Nc3 47.Rc1 Qe5 48.Qb2 d5 49.Bd3 Bd7 50.f4 Qc7  0-1

[Event "Bundesliga 1999-2000"]
[Site "Solingen GER"]
[Date "2000.04.09"]
[Round "15"]
[White "Piket,Je"]
[Black "Espig,L"]
[Result "1-0"]
[WhiteElo "2633"]
[BlackElo "2402"]

1.d4 Nf6 2.Bg5 g6 3.Bxf6 exf6 4.e3 Bg7 5.h4 h5 6.Ne2 d6 7.c3 f5 8.Nd2 Nd7
9.g3 Nf6 10.Bg2 O-O 11.a4 Re8 12.a5 Rb8 13.O-O Ne4 14.Qc2 Qe7 15.Nf4 c6 16.c4 Bd7
17.Ra3 Bh6 18.Nf3 Qd8 19.Rfa1 Bg7 20.Nd2 Qe7 21.Rd1 Bh6 22.Nf3 Bg7 23.Nd3 Qd8
24.c5 dxc5 25.Nxc5 Nxc5 26.dxc5 Qc7 27.Ng5 Re7 28.Rad3 Be8 29.Qd2 Bf6 30.Rd6 Be5
31.f4 Bg7 32.b4 b6 33.cxb6 axb6 34.a6 b5 35.Kh2 Ra8 36.Qa2 Qb6 37.Rxg6 Qxa6
38.Qxa6 Rxa6 39.Rgd6 Rxe3 40.R1d3 Re2 41.Rd2 Rxd2 42.Rxd2 Bc3 43.Rd8 Kf8
44.Bf3 Ke7 45.Rb8 f6 46.Ne6 Ra2+ 47.Kh3 Bxb4 48.Nd4 Bc5 49.Nxf5+ Kd7 50.Ng7 Ra3
51.Be4 Bd6 52.Bf5+ Kc7 53.Rxe8 Bxf4 54.Nxh5 Be5 55.Kg4 b4 56.Nf4 b3 57.h5  1-0

[Event "Open"]
[Site "Dos Hermanas ESP"]
[Date "2000.04.11"]
[Round "5"]
[White "Banikas,H"]
[Black "Veingold,A"]
[Result "1-0"]
[WhiteElo "2535"]
[BlackElo "2448"]

1.d4 Nf6 2.Bg5 d5 3.Bxf6 exf6 4.e3 Be6 5.g3 c6 6.Bg2 Nd7 7.Nd2 f5 8.Ne2 Nf6
9.Nf4 Bd6 10.Nh5 O-O 11.Nxf6+ Qxf6 12.O-O Rac8 13.Qe2 b6 14.Rfd1 g6 15.Qa6 Rc7
16.Rac1 Rd8 17.Nb1 h5 18.b3 c5 19.dxc5 Bxc5 20.Qd3 Rcd7 21.c3 h4 22.Nd2 hxg3
23.hxg3 Ba3 24.Rb1 Rc7 25.Qa6 Bf8 26.Nf3 Bc8 27.Qf1 Rxc3 28.Nd4 Bc5 29.Qe1 Bxd4
30.Rxd4 Rc2 31.Bxd5 Rxa2 32.Rbd1 Kg7 33.Rc1 Ra5 34.Bxf7 Kxf7 35.Rc7+ Ke8
36.Qc3 Qe6 37.Rd5 Qg8 38.Rxd8+  1-0

[Event "Chalapathi GM"]
[Site "Guntur, AP IND"]
[Date "2000.04.13"]
[Round "11"]
[White "Rahman,Zia"]
[Black "Kunte,A"]
[Result "0-1"]
[WhiteElo "2465"]
[BlackElo "2487"]

1.d4 Nf6 2.Bg5 g6 3.Nd2 Bg7 4.e4 d6 5.Ngf3 O-O 6.c3 h6 7.Bh4 Qe8 8.Bd3 Nh5
9.O-O Nf4 10.Bc4 e5 11.Re1 Nc6 12.Nb3 Kh8 13.Bf1 g5 14.Bg3 Bg4 15.Bxf4 exf4
16.Qd3 Rd8 17.Nbd2 Bc8 18.b4 Ne7 19.Qc4 Ng6 20.h3 Qe7 21.Nh2 c5 22.Be2 cxd4
23.cxd4 Qf6 24.Nb3 Be6 25.d5 Bd7 26.Qc7 Ne5 27.Bg4 Nxg4 28.hxg4 h5 29.Qxb7 hxg4
30.Qxa7 Qh6 31.Rac1 Be5 32.Nd2 Kg7 33.Rc7 f3 34.Nxg4 Bxg4 35.gxf3 Qh3 36.fxg4 Rh8  0-1

[Event "19th Open"]
[Site "Reykjavik ISL"]
[Date "2000.04.13"]
[Round "9"]
[White "Jackson,A"]
[Black "Marks,H"]
[Result "1-0"]
[WhiteElo "2207"]
[BlackElo "2085"]

1.d4 Nf6 2.Bg5 c5 3.Nc3 cxd4 4.Qxd4 Nc6 5.Qh4 d6 6.O-O-O Be6 7.e3 Qa5 8.Bxf6 gxf6
9.Bc4 Bxc4 10.Qxc4 Bg7 11.Rd5 Qc7 12.Nge2 e6 13.Nb5 Qe7 14.Nxd6+ Kf8 15.Rdd1 f5
16.Qb3 Rg8 17.f4 h5 18.c3 Rb8 19.e4 Bh6 20.g3 fxe4 21.Nxe4 e5 22.Nd6 exf4
23.Nxf4 Rg4 24.Qd5 Rg5 25.Nf5 Qf6 26.Qc5+ Ne7 27.Qc7 Re8 28.Nd6 Ra8 29.Ne4 Qe5
30.Rd8+ Rxd8 31.Qxd8+ Kg7 32.Nxg5 Bxg5 33.Qd4 f6 34.Kb1 Qf5+ 35.Qd3 Qe5 36.Nxh5+ Kh6
37.Nf4 Nf5 38.a3 a6 39.Ka1 Nd6 40.Rf1  1-0

[Event "ch-DEN"]
[Site "Aalborg DEN"]
[Date "2000.04.15"]
[Round "1"]
[White "Berg,K"]
[Black "Schandorff,L"]
[Result "1/2-1/2"]
[WhiteElo "2419"]
[BlackElo "2511"]

1.d4 Nf6 2.Bg5 d5 3.e3 e6 4.Nd2 Be7 5.Bd3 Nbd7 6.Ngf3 b6 7.O-O Bb7 8.Qe2 Ne4
9.Bxe7 Qxe7 10.Ba6 Bxa6 11.Qxa6 Nxd2 12.Nxd2 O-O 13.c4 dxc4 14.Qxc4 c5  1/2-1/2

[Event "XVIII Open"]
[Site "Metz FRA"]
[Date "2000.04.17"]
[Round "3"]
[White "Degraeve,JM"]
[Black "Cooper,L"]
[Result "0-1"]
[WhiteElo "2498"]
[BlackElo "2338"]

1.d4 Nf6 2.Bg5 d5 3.e3 Bf5 4.Bxf6 gxf6 5.c4 c6 6.Nc3 e6 7.Nge2 Nd7 8.Ng3 Bg6
9.cxd5 cxd5 10.Qb3 Rb8 11.e4 Bxe4 12.Ngxe4 dxe4 13.d5 Qe7 14.Rd1 a6 15.d6 Qd8
16.Nxe4 Bg7 17.Be2 f5 18.Ng3 Qa5+ 19.Kf1 O-O 20.Nh5 Bh6 21.h4 f4 22.Rh3 Rfc8
23.g3 Qf5 24.gxf4 Qc2 25.f5 Qxb3 26.Rxb3 exf5 27.Rg3+ Kh8 28.Rf3 f4 29.Rfd3 Rc5
30.Rd5 Rd8 31.Bg4  0-1

[Event "Foxwoods Open"]
[Site "Connecticut USA"]
[Date "2000.04.20"]
[Round "1"]
[White "Rensch,D"]
[Black "Ashley,M"]
[Result "0-1"]
[WhiteElo "2151"]
[BlackElo "2499"]

1.d4 Nf6 2.Bg5 d5 3.Bxf6 exf6 4.e3 Bd6 5.c4 dxc4 6.Bxc4 O-O 7.Nc3 f5 8.Qf3 Nd7
9.Nge2 Nf6 10.O-O c6 11.h3 Qe7 12.Ng3 g6 13.Rfe1 Bd7 14.a3 Rae8 15.Nf1 Ne4
16.Rec1 Ng5 17.Qe2 Qf6 18.Qd3 Bb8 19.b4 f4 20.h4 Ne6 21.Bxe6 fxe6 22.e4 Qxh4
23.e5 Rd8 24.Nd2 Bc8 25.Nf3 Qh5 26.Qc4 g5 27.Ne4 g4 28.Nfd2 Rd5 29.Nf1 Qg6
30.Re1 Kg7 31.Rad1 Rfd8 32.Nf6 Bxe5 33.Nxd5 exd5 34.Qc5 Bd6 35.Qxa7 Rf8 36.Qa4 Qh5
37.Qb3 Rf6 38.Nd2 Rh6 39.Kf1 Qh1+ 40.Ke2 Re6+  0-1

[Event "zt 1.2"]
[Site "Pula CRO"]
[Date "2000.04.20"]
[Round "9"]
[White "Gabriel,Ch"]
[Black "Stanec,N"]
[Result "1/2-1/2"]
[WhiteElo "2564"]
[BlackElo "2479"]

1.d4 Nf6 2.Bg5 d5 3.e3 Ne4 4.Bf4 c5 5.dxc5 Nc6 6.Nf3 Bg4 7.Be2 e6 8.h3 Bh5
9.O-O Bxc5 10.Nbd2 Nxd2 11.Qxd2 O-O 12.Rfd1 Qe7 13.a3 Rad8 14.Bg5 f6 15.Bf4 e5
16.Bg3 Bf7 17.Qe1 Bb6 18.Rac1 Rfe8 19.Kh1 Be6 20.Bf1 Qf7 21.Nd2 d4 22.e4 Kh8
23.Bd3 Rc8 24.Qe2 Nb8 25.f4 exf4 26.Bxf4 Nc6 27.Rf1 Bc7 28.Bxc7 Qxc7 29.Nf3 Qg3
30.Rce1 a6 31.Qd2 Bf7 32.Ng1 Qd6 33.Qf2 Ne5 34.Nf3 Red8 35.Re2 Be6 36.Rd1 Qb6
37.b3 Qc5 38.a4 Bg8 39.Ne1 h6  1/2-1/2

[Event "4NCL"]
[Site "Birmingham ENG"]
[Date "2000.04.29"]
[Round "9"]
[White "Dishman,S"]
[Black "Sowray,P"]
[Result "1/2-1/2"]
[WhiteElo "2364"]
[BlackElo "2358"]

1.d4 Nf6 2.Bg5 d5 3.Nd2 Nbd7 4.Ngf3 g6 5.e3 Bg7 6.Be2 O-O 7.O-O c5 8.c3 b6
9.b4 cxb4 10.cxb4 Bb7 11.Qb3 Ne4 12.Nxe4 dxe4 13.Nd2 h6 14.Bh4 g5 15.Bg3 e5
16.Rad1 exd4 17.exd4 Rc8 18.Bg4 Qe7 19.Rfe1 Rcd8 20.Bf5 Nf6 21.Be5 Rfe8 22.Nxe4 Nxe4
23.Bxe4 Bxe4 24.Rxe4 Qe6 25.Qxe6 Rxe6 26.Rde1 f6 27.Bc7 Rxe4 28.Rxe4 Rd7
29.Bb8 f5 30.Re2 Rxd4 31.g3 Rxb4 32.Bxa7 Kf7  1/2-1/2

[Event "4NCL"]
[Site "Birmingham ENG"]
[Date "2000.04.30"]
[Round "10"]
[White "Dishman,S"]
[Black "Wells,P"]
[Result "1/2-1/2"]
[WhiteElo "2364"]
[BlackElo "2483"]

1.d4 Nf6 2.Bg5 c5 3.Bxf6 gxf6 4.d5 Qb6 5.Qc1 Bh6 6.e3 f5 7.Nc3 O-O 8.Nge2 Na6
9.g3 Nc7 10.Bg2 Qf6 11.a4 d6 12.O-O Bd7 13.Qd1 Rfb8 14.Qd3 a6 15.a5 b5 16.axb6 Rxb6
17.Ra2 Rab8 18.b3 Bg7 19.Bh3 e6 20.dxe6 fxe6 21.e4 fxe4 22.Nxe4 Qe7 23.f4 Bb5
24.Qd2 c4 25.f5 exf5 26.Bxf5 cxb3 27.cxb3 Bxe2 28.Qxe2 d5 29.Nf2 Qxe2 30.Rxe2 Rxb3
31.Re7 Rc3 32.Nh3  1/2-1/2

[Event "4NCL"]
[Site "Birmingham ENG"]
[Date "2000.05.01"]
[Round "11"]
[White "Dunworth,C"]
[Black "Ledger,D"]
[Result "1/2-1/2"]
[WhiteElo "2307"]
[BlackElo "2285"]

1.d4 Nf6 2.Bg5 d5 3.Bxf6 gxf6 4.e3 Bf5 5.Nf3 e6 6.c4 c6 7.Nc3 Nd7 8.Be2 Be7
9.O-O O-O 10.Nd2 Kh8 11.a3 Rg8 12.Kh1  1/2-1/2

[Event "Ivan Cvitanovic Mem"]
[Site "Split CRO"]
[Date "2000.05.01"]
[Round "3"]
[White "Armanda,I"]
[Black "Zelic,Ml"]
[Result "1/2-1/2"]
[WhiteElo "2308"]
[BlackElo "2308"]

1.d4 Nf6 2.Bg5 c5 3.Bxf6 exf6 4.d5 g6 5.e3 Bg7 6.Nd2 f5 7.c3 d6 8.h4 Nd7
9.Ne2 b5 10.Nf4 b4 11.cxb4 cxb4 12.Rb1 Nc5 13.h5 a5 14.Nf3 a4 15.Bb5+ Kf8
16.h6 Bf6 17.O-O Qa5 18.Be2 Ba6 19.Nd4 Qb6 20.Bxa6 Rxa6 21.a3 b3 22.Qe1 Ke7
23.Nc6+ Kd7 24.Qe2 Re8 25.Nd3 Raa8 26.Nxc5+ Qxc5 27.Qd3 Re4 28.Rfc1 Qb6 29.Nb4 Rb8
30.Rc6 Qb5 31.Qxb5 Rxb5 32.Ra6 Rb7 33.Rxa4 f4 34.Ra8 fxe3 35.fxe3 Rxe3 36.Rf1 Bd4
37.Nc6 Bc5 38.Kh2 Kc7 39.Rxf7+ Kb6 40.Rxb7+ Kxb7 41.Rh8 Kb6 42.Rxh7 Rd3 43.Rh8 Rxd5
44.h7 Rh5+ 45.Kg3 Bxa3 46.Na5 Bb4 47.Rb8+ Kxa5 48.h8=Q Rxh8 49.Rxh8 Bc5 50.Re8 Bd4
51.Re2 Kb4 52.Kf3 Bxb2 53.Rxb2 Kc3 54.Rb1 Kc2 55.Rh1 b2 56.Ke4 b1=Q 57.Rxb1 Kxb1
58.Kd5 Kc2 59.Kxd6 Kd3 60.Ke5 Ke3 61.g4 Kf3 62.Kf6  1/2-1/2

[Event "Julian Borowski B"]
[Site "Essen GER"]
[Date "2000.05.06"]
[Round "9"]
[White "Pelletier,Y"]
[Black "Van der Weide,K"]
[Result "1/2-1/2"]
[WhiteElo "2478"]
[BlackElo "2452"]

1.d4 Nf6 2.Bg5 d5 3.e3 b6 4.Bd3 Nbd7 5.Nf3 g6 6.Nbd2 Bg7 7.O-O O-O 8.c4 dxc4
9.Nxc4 c5 10.a4 cxd4 11.Nxd4 Nc5 12.Be2 Ne6 13.Nxe6 Bxe6 14.Rc1 Rc8 15.b3 Qxd1
16.Rfxd1 Rfd8 17.Kf1 Rxd1+ 18.Rxd1 h6 19.Bxf6 Bxf6 20.e4 Bc3 21.f4 Kg7 22.g4 Bb4
23.f5 Bxc4 24.Bxc4 Bd6 25.Kg2 g5  1/2-1/2

[Event "New York Open"]
[Site "New York USA"]
[Date "2000.05.07"]
[Round "5"]
[White "Pixton,A"]
[Black "Kalantarian,N"]
[Result "1-0"]
[WhiteElo "2181"]
[BlackElo "2474"]

1.d4 Nf6 2.Bg5 g6 3.Bxf6 exf6 4.c4 Bg7 5.Nc3 O-O 6.g3 d6 7.Bg2 f5 8.e3 Nd7
9.Nge2 Re8 10.O-O h5 11.Qd3 h4 12.Nf4 Nf6 13.Rfe1 c6 14.Rad1 hxg3 15.hxg3 g5
16.Nfe2 Ng4 17.Nc1 Qf6 18.f3 Nh6 19.e4 Qg6 20.Nb3 fxe4 21.Nxe4 Bf5 22.Qd2 Bxe4
23.fxe4 Re7 24.Rf1 Rae8 25.Qe2 f5 26.exf5 Nxf5 27.Qd3 Rf7 28.Be4 Rxe4 29.Qxe4 Rf6
30.g4 Ng3 31.Qxg6 Ne2+ 32.Kg2 Rxg6 33.Rde1 Nf4+ 34.Kg3 b6 35.Rxf4 gxf4+ 36.Kxf4 Rf6+
37.Kg3 c5 38.d5 Kf7 39.Nd2 Rg6 40.Nf3 Bxb2  1-0

[Event "Israeli League"]
[Site "Ramat Aviv ISR"]
[Date "2000.05.12"]
[Round "11"]
[White "Rabinovich,Al"]
[Black "Greenfeld,A"]
[Result "1/2-1/2"]
[WhiteElo "2406"]
[BlackElo "2563"]

1.d4 Nf6 2.Bg5 c5 3.Nc3 cxd4 4.Qxd4 e6 5.Ne4 Qa5+ 6.Bd2 Qf5 7.Nxf6+ gxf6
8.e3 Nc6 9.Qa4 Rb8 10.Nf3 b5 11.Qh4 Qxc2 12.Qxf6 Rg8 13.Rc1 Qe4 14.Ng5 Qg6
15.Qxg6 Rxg6 16.h4 h6 17.Ne4 f5 18.h5 Rg7 19.Nc5 Ne5 20.e4 d6 21.Nb3 fxe4
22.Bxh6 Rh7 23.Bxf8 Kxf8 24.Bxb5 Rxb5 25.Rxc8+ Kg7 26.Ke2 Nd3 27.g3 Rhxh5
28.Rxh5 Rxh5 29.Ke3 d5 30.Nc5 d4+ 31.Kxd4 Rd5+ 32.Kc4 Nxc5 33.Rxc5 Rd2 34.Re5 Rxb2
35.Rxe6 Rxa2 36.Rxe4  1/2-1/2

[Event "Capablanca Mem Premier II"]
[Site "Varadero CUB"]
[Date "2000.05.14"]
[Round "7"]
[White "Bellon Lopez,JM"]
[Black "Szekely,P"]
[Result "1/2-1/2"]
[WhiteElo "2446"]
[BlackElo "2428"]

1.d4 Nf6 2.Bg5 d5 3.e3 c6 4.Bxf6 exf6 5.c4 dxc4 6.Bxc4 Bd6 7.Nd2 Qe7 8.Ngf3 O-O
9.Qc2 Be6 10.O-O Nd7 11.e4 Rfe8 12.Rfe1 Nb6 13.Bxe6 Qxe6 14.a3 Bf4 15.Rad1 Bxd2
16.Qxd2 Rad8 17.h3 Qd6 18.Qa5 Qb8 19.g3 Nc4 20.Qb4 Nb6 21.Kg2 Qc7 22.a4 Nd7
23.d5 cxd5 24.exd5 Rxe1 25.Qxe1 Ne5 26.Qe4 h6 27.Nh4 g6 28.f4 Nd7 29.Nxg6 fxg6
30.Qxg6+ Kf8 31.Qxh6+ Kg8 32.Qg6+ Kf8 33.Re1 Qb6 34.Qh6+ Kg8 35.h4 Qxb2+
36.Kh3 Qc2 37.Re7 Qf5+ 38.Kg2 Qc2+ 39.Kh3 Qf5+ 40.Kh2 Qc2+ 41.Kh1 Qd1+ 42.Kh2 Qc2+  1/2-1/2

[Event "Master Open"]
[Site "Lausanne SUI"]
[Date "2000.05.31"]
[Round "1"]
[White "Rausis,I"]
[Black "Loetscher,R"]
[Result "1-0"]
[WhiteElo "2486"]
[BlackElo "2218"]

1.d4 Nf6 2.Bg5 c5 3.Bxf6 gxf6 4.d5 b5 5.e4 Qb6 6.Nd2 Bb7 7.a4 a6 8.c4 f5
9.exf5 Bg7 10.Ngf3 Bxb2 11.Rb1 Bc3 12.Bd3 b4 13.O-O Bxd2 14.Qxd2 Qf6 15.Ng5 Rg8
16.Ne4 Qd4 17.f6 Rg6 18.Rxb4 cxb4 19.Qxb4 d6 20.Qxb7 Qa7 21.Qc8+  1-0

[Event "Bank Pocztowy Open"]
[Site "Bydgoszcz POL"]
[Date "2000.06.04"]
[Round "7"]
[White "Starostits,I"]
[Black "Shishkin,V"]
[Result "0-1"]
[WhiteElo "2374"]
[BlackElo "2411"]

1.d4 Nf6 2.Bg5 d5 3.Bxf6 gxf6 4.Nf3 c6 5.c3 Qc7 6.Nbd2 e5 7.e3 Bg4 8.Be2 Nd7
9.Nh4 Be6 10.Bg4 O-O-O 11.g3 Rg8 12.Bf5 h6 13.f4 Bd6 14.Qf3 Qb6 15.b4 a5
16.a3 Qa6 17.Kf2 Kc7 18.Rhc1 Bxf5 19.Nxf5 Qd3 20.fxe5 Qxd2+ 21.Kg1 fxe5 22.Nxd6 Kxd6
23.c4 Rge8 24.cxd5 cxd5 25.Rd1 Qc3 26.bxa5 exd4 27.Qf4+ Re5 28.Qxh6+ f6 29.exd4 Qe3+
30.Qxe3 Rxe3 31.Kf2 Rde8 32.Rd2 Rb3 33.a4 Nb8 34.Kg2 Nc6 35.Rf1 Re6 36.Rdf2 Ke7
37.Rf5 Rb2+ 38.R1f2 Rxf2+ 39.Kxf2 Rd6 40.Ke3 Nxa5 41.h4 Ke6 42.g4 Rd7 43.Rf1 Nc4+
44.Kf4 Kf7 45.g5 Re7 46.h5 Nd2 47.Rf2 Ne4 48.g6+ Kg7 49.Rc2 Ng5 50.Rc8 Ne6+
51.Kg3 Rd7 52.Re8 Nxd4 53.Kf4 Nc6 54.Kf5 Rd8 55.Re1 Rh8 56.Rh1 d4 57.Ke4 Re8+
58.Kd3 Rd8 59.Ke4 d3  0-1

[Event "IHEM"]
[Site "Hamburg GER"]
[Date "2000.06.13"]
[Round "4"]
[White "Reddmann,H"]
[Black "Gyimesi,Z"]
[Result "1/2-1/2"]
[WhiteElo "2356"]
[BlackElo "2518"]

1.d4 Nf6 2.Bg5 d5 3.Bxf6 gxf6 4.e3 c5 5.dxc5 e6 6.c4 dxc4 7.Qxd8+ Kxd8 8.Bxc4 Bxc5
9.Ne2 Ke7 10.Nbc3 a6 11.Rc1 Nd7 12.O-O b6 13.Ne4 Bb7 14.Nxc5 Nxc5 15.b4 Nd7
16.Nd4 Rhg8 17.g3 Rgc8 18.Be2 b5 19.f4 Nb6 20.Kf2 Bd5 21.a3 f5 22.Rfd1 Rxc1
23.Rxc1 Rc8 24.Rxc8 Nxc8 25.Ke1 Nb6 26.Kd2 Kd6 27.Kc3 Be4 28.Nb3 Na4+ 29.Kd2  1/2-1/2

[Event "IV Pablo Gorbea Mem Open"]
[Site "Madrid ESP"]
[Date "2000.06.13"]
[Round "4"]
[White "Moreno Ruiz,J"]
[Black "Enjuto Velasco,R"]
[Result "1/2-1/2"]
[WhiteElo "2395"]
[BlackElo "2168"]

1.d4 Nf6 2.Bg5 g6 3.Bxf6 exf6 4.e3 d5 5.g3 Bg7 6.Bg2 O-O 7.Ne2 c6 8.O-O Re8
9.b3 Bg4 10.Nd2 Bxe2 11.Qxe2 f5 12.Qd3 Nd7 13.c4 dxc4 14.bxc4 c5 15.Nb3 cxd4
16.exd4 Nc5 17.Nxc5 Bxd4 18.Bxb7 Bxc5 19.Bd5 Rb8 20.Rab1 Qf6 21.Rb5 Qd4 22.Qf3 a6
23.Rb3 Rxb3 24.axb3 a5 25.Rd1 Qg4 26.Kf1 h5 27.Qxg4 fxg4 28.Ra1 Bb4 29.Rc1 Re5
30.Rc2 Kf8 31.Re2 Rxe2 32.Kxe2  1/2-1/2

[Event "IHEM"]
[Site "Hamburg GER"]
[Date "2000.06.15"]
[Round "6"]
[White "Rausis,I"]
[Black "Breyther,R"]
[Result "1-0"]
[WhiteElo "2486"]
[BlackElo "2365"]

1.d4 Nf6 2.Bg5 d5 3.Nd2 h6 4.Bxf6 exf6 5.e3 Bd6 6.Qf3 c6 7.Bd3 Be6 8.Ne2 Nd7
9.Nf4 Qe7 10.Nh5 g6 11.Ng7+ Kf8 12.Nxe6+ Qxe6 13.O-O-O f5 14.h3 Nf6 15.g4 fxg4
16.hxg4 Kg7 17.Rdg1 Rae8 18.Qg2 Ne4 19.Bxe4 dxe4 20.Kb1 a5 21.Rh4 g5 22.Rh3 Bb4
23.c3 Bd6 24.f3 exf3 25.Rxf3 Qg6+ 26.Ka1 h5 27.Rgf1 hxg4 28.Qxg4 Rh4 29.Rxf7+ Qxf7
30.Rxf7+ Kxf7 31.Qf5+  1-0

[Event "Simul"]
[Site "Frankfurt GER"]
[Date "2000.06.19"]
[Round "?"]
[White "Kasparov,G"]
[Black "Baramidze,D"]
[Result "1/2-1/2"]
[WhiteElo "2851"]
[BlackElo "2154"]

1.d4 Nf6 2.Bg5 d5 3.e3 g6 4.Bxf6 exf6 5.c4 dxc4 6.Bxc4 Bd6 7.Nc3 O-O 8.Nf3 Nd7
9.O-O f5 10.Rc1 c6 11.Qc2 Nf6 12.Rfd1 Qe7 13.g3 Be6 14.Bxe6 Qxe6 15.a3  1/2-1/2

[Event "White Nights Open"]
[Site "St Petersburg RUS"]
[Date "2000.06.29"]
[Round "6"]
[White "Chepukaitis,G"]
[Black "Ionov,B"]
[Result "1-0"]
[WhiteElo "2393"]
[BlackElo "2285"]

1.d4 Nf6 2.Bg5 c5 3.d5 Qb6 4.Nc3 Qxb2 5.Bd2 Qb6 6.e4 d6 7.f4 Bg4 8.Nf3 Nbd7
9.e5 Bxf3 10.gxf3 dxe5 11.fxe5 Nxe5 12.Qe2 Ned7 13.Rb1 Qd8 14.Rxb7 a6 15.Bh3 Qc8
16.Ne4 e6 17.dxe6 fxe6 18.Nxf6+ Nxf6 19.Rb6 Qc7 20.Rxe6+ Be7 21.Rg1 Rb8 22.Kf1 Rb1+
23.Be1 Nh5 24.Qe4 Nf4 25.Re5 Ng6 26.Rxg6 hxg6 27.Qxg6+ Kf8 28.Rf5+ Bf6 29.Rxf6+ gxf6
30.Qxf6+ Kg8 31.Be6+ Kh7 32.Qh4+ Kg6 33.Qxh8 Qf4 34.Qe8+ Kh6 35.Bd5 Qd2 36.Qe6+ Kg7
37.Qe5+ Kg6 38.c4 Rc1 39.Be4+ Kf7 40.Qd5+ Qxd5 41.Bxd5+ Kf6 42.a4 Ra1 43.a5  1-0

[Event "Equitable Card Invitational"]
[Site "Quezon City PHI"]
[Date "2000.07.05"]
[Round "6"]
[White "Torre,E"]
[Black "Wang Pin"]
[Result "1/2-1/2"]
[WhiteElo "2557"]
[BlackElo "2469"]

1.d4 Nf6 2.Bg5 g6 3.Bxf6 exf6 4.e3 Bg7 5.g3 d6 6.Bg2 O-O 7.Ne2 f5 8.O-O Nd7
9.c4 c6 10.Nbc3 Nf6 11.b4 Be6 12.Qd3 Rc8 13.Rac1 Qe7 14.d5 cxd5 15.Nxd5 Nxd5
16.Bxd5 Bxd5 17.Qxd5 Rc6 18.Rfd1 Rfc8 19.b5 Rc5 20.Qxd6 Qxd6 21.Rxd6 Rxc4
22.Rxc4 Rxc4 23.Rd7 Be5 24.Rxb7 Rc2 25.Nd4 Bxd4 26.exd4 Rxa2 27.d5 Rd2 28.Rxa7 Rxd5
29.b6 Rb5 30.b7 Kg7 31.Kf1 Rb2 32.Ke1 Kf6 33.Kd1 Ke5 34.Kc1 Rb6 35.Kc2 Kd4
36.f4 h6 37.h4 f6 38.Ra4+ Kd5 39.Ra6 Rxb7 40.Rxf6 Rc7+ 41.Kd3 Rc6 42.Rxc6  1/2-1/2